000 00467nam a2200157Ia 4500
008 140527s9999 xx 000 0 und d
020 _a9789712360992
050 _aKPM 988
_b.D377t 2012
100 _aDe Leon, Hector S.
245 _aTextbook on agrarian reform and taxation(with cooperatives) /
_cHector S. De Leon.
260 _aManila :
_bRex Book Store,
_cc2012.
300 _a455 p. :
_c22 cm.
521 _aBSBA
942 _kLOC
_cBK
999 _c117523
_d117523